000 01574nam a22002537a 4500
999 _c61224
_d61224
003 Ge_BSU
005 20240109133427.0
008 240109s2022ge xxu||||| |||| 00| 0 geo d
020 _a9789941342431
041 _ageo
080 _a347 ს-32
245 _aსაქართველოს სამოქალაქო საპროცესო კოდექსის კომენტარი:
_bწიგნი 1: (1-ლი-176-ე მუხლები) /
_cავტორები: შალვა ქურდაძე, ნინო ხუნაშვილი, მაია ცქიტიშვილი და სხვა; რედაქტორები: ვალერი ხრუსტალი, ლელა ნადიბაიძე.
264 _aთბილისი:
_bმერიდიანი,
_c2022.
300 _a786 გვ.:
_b25 სმ.
653 _aსამოქალაქო სამართალი.
653 _aსამოქალაქო საპროცესო კოდექსი.
653 _aსამართალი
700 _aქურდაძე, შალვა
_99257
_4ავტორი
700 _aხუნაშვილი, ნინო
_911896
_4ავტორი
700 _aცქიტიშვილი, მაია
_920974
_4ავტორი
700 _aხრუსტალი, ვალერი
_eრედაქტორი
_920975
700 _aნადიბაიძე, ლელა
_eრედაქტორი
_916625
942 _2udc
_cᲬᲘᲒᲜᲘ